Markets (Record no. 82100)
[ view plain ]
| 000 -LEADER | |
|---|---|
| fixed length control field | 01112cam a22002415a 4500 |
| 001 - CONTROL NUMBER | |
| control field | L149260 |
| 008 - FIXED-LENGTH DATA ELEMENTS--GENERAL INFORMATION | |
| fixed length control field | 100211e20100205xxk 000 0 eng d |
| 035 ## - SYSTEM CONTROL NUMBER | |
| System control number | (Sirsi) u149260 |
| 041 0# - LANGUAGE CODE | |
| Language code of text/sound track or separate title | eng |
| 100 1# - MAIN ENTRY--PERSONAL NAME | |
| Personal name | Shah, Aditi |
| 245 00 - TITLE STATEMENT | |
| Title | Markets |
| Remainder of title | Kent, Surrey and Sussex |
| 260 ## - PUBLICATION, DISTRIBUTION, ETC. | |
| Date of publication, distribution, etc. | 2010 |
| 490 #0 - SERIES STATEMENT | |
| Series statement | Property Week |
| Volume/sequential designation | 76(5) 5 February 2010, 43-52(6) |
| 520 ## - SUMMARY, ETC. | |
| Summary, etc. | Failure of Thornfield Ventures jeopardises £800m of regeneration projects in Mid Sussex. Activity in the Surrey office lettings market is picking up after a poor 2009. Asda, Britain's second largest supermarket, is targeting England's south coast. Kent County Council believes that Kent's economy can be unlocked by improving the transport infrastructure. Chatham's Dockside outlet centre has experienced an avalanche of lettings. Segro hopes to attract occupiers with its Gatwicklinks project and discount rents. |
| 590 ## - LOCAL NOTE (RLIN) | |
| Local note | KA |
| 651 #4 - SUBJECT ADDED ENTRY--GEOGRAPHIC NAME | |
| Geographic name | Kent |
| 651 4# - SUBJECT ADDED ENTRY--GEOGRAPHIC NAME | |
| Geographic name | Surrey |
| 651 4# - SUBJECT ADDED ENTRY--GEOGRAPHIC NAME | |
| Geographic name | East Sussex |
| 651 #4 - SUBJECT ADDED ENTRY--GEOGRAPHIC NAME | |
| Geographic name | West Sussex |
| 690 ## - LOCAL SUBJECT ADDED ENTRY--TOPICAL TERM (OCLC, RLIN) | |
| Topical term or geographic name as entry element | PROPERTY-COMMERCIAL PROPERTY-COMMERCIAL PROPERTY MARKET |
| 700 1# - ADDED ENTRY--PERSONAL NAME | |
| Personal name | Carter, Paul |
| 942 ## - ADDED ENTRY ELEMENTS (KOHA) | |
| Suppress in OPAC | 0 |
| Withdrawn status | Lost status | Source of classification or shelving scheme | Damaged status | Not for loan | Home library | Current library | Shelving location | Date acquired | Total Checkouts | Full call number | Barcode | Date last seen | Copy number | Price effective from | Koha item type |
|---|---|---|---|---|---|---|---|---|---|---|---|---|---|---|---|
| Dewey Decimal Classification | London | London | Journal article | 11/02/2010 | L149260 | 149260-1001 | 06/08/2019 | 1 | 06/08/2019 | Journal article |